000 00434nam a2200181Ia 4500
005 20240823025713.0
008 240823s9999||||xx |||||||||||||| ||und||
041 _aENGLISH
082 _A621.3815 P9
100 _aGupta J B
245 0 _aAnalog Integrated Circuits
250 _a4th
260 _c2009
_b"S K Kataria and Sons,"
500 _aYES
650 _aIntegrated Circuits
_bElectronics
942 _cBK
999 _c186954
_d186954